000 00422nam a2200157Ia 4500
008 160316s1997 xxu||||| |||| 00| 0 eng d
082 _a539.721000
_bDAV
100 _aDavies P C W
245 _aSuperstrings : A theory of everything
250 _a
260 _aCambridge
_bCambridge University Press
_c1997
300 _a234p
_b
_cx
365 _bRs.225
650 _a1.Superstring - Theories
700 _aBrown Julian
_a
999 _c10869
_d10869